[Event "WC-2021-S-00001"]
[Site "LSS email"]
[Date "2021.04.03"]
[Round "?"]
[White "Roques, Pascal"]
[Black "Lotz, Bernhard"]
[Result "1/2-1/2"]
[WhiteElo "2351"]
[BlackElo "2425"]
[PlyCount "103"]
[EventDate "2021.04.03"]
[EventType "tourn (corr)"]
[EventRounds "6"]
[EventCountry "GER"]
[SourceTitle "Corr 2024"]
[Source "ChessBase"]
[SourceDate "2023.10.19"]
[SourceVersion "1"]
[SourceVersionDate "2023.10.19"]
[SourceQuality "1"]

1. e4 c5 2. Nf3 Nc6 3. Bb5 d6 4. 0-0 Bd7 5. Re1 Nf6 6. c3 a6 7. Bf1 Bg4 8. d4 cxd4 9. cxd4 d5 10. Nc3 Nxe4 11. Nxe4 dxe4 12. Rxe4 Bxf3 13. Qxf3 Qd5 14. Bf4 e6 15. Rc1 Rd8 16. Bc4 Nxd4 17. Qe3 Qd7 18. Bf1 Nf5 19. Qa7 Qd5 20. Rec4 Be7 21. Bc7 Rd7 22. Qb8+ Bd8 23. Rc5 Qd4 24. Qxb7 0-0 25. Qxa6 Qxb2 26. R5c2 Qb4 27. a3 Qd4 28. a4 Bxc7 29. Rxc7 Rd5 30. Qa7 Qxa7 31. Rxa7 Nd4 32. Rcc7 g5 33. Rd7 Rxd7 34. Rxd7 Nb3 35. Rd3 Rb8 36. Rg3 h6 37. h4 f6 38. Rc3 Kf7 39. h5 Ke7 40. Rc7+ Kd6 41. Rh7 Ke5 42. Rxh6 Rb4 43. a5 Nxa5 44. Rh8 Nc4 45. Bd3 Nd6 46. Bg6 Ne4 47. h6 Rb1+ 48. Kh2 f5 49. Ra8 Nxf2 50. h7 Ng4+ 51. Kh3 Kf4 52. g3+ 1/2-1/2

[Event "WC-2020-S-00002"]
[Site "LSS email"]
[Date "2020.04.01"]
[Round "?"]
[White "Lehnhoff, Heinz Georg"]
[Black "Lotz, Bernhard"]
[Result "1/2-1/2"]
[WhiteElo "2342"]
[BlackElo "2448"]
[PlyCount "59"]
[EventDate "2020.04.01"]
[EventType "tourn (corr)"]
[EventRounds "12"]
[EventCountry "GER"]
[SourceTitle "Corr 2022"]
[Source "ChessBase"]
[SourceDate "2021.10.24"]
[SourceVersion "1"]
[SourceVersionDate "2021.10.24"]
[SourceQuality "1"]

1. d4 d5 2. c4 c6 3. Nf3 Nf6 4. Nc3 e6 5. Bg5 h6 6. Bh4 dxc4 7. e4 g5 8. Bg3 b5 9. Be2 Bb7 10. 0-0 Nbd7 11. Ne5 Bg7 12. Nxd7 Nxd7 13. Bd6 a6 14. a4 Bf8 15. Bxf8 Kxf8 16. e5 c5 17. axb5 axb5 18. Rxa8 Bxa8 19. Nxb5 Qb6 20. Bxc4 cxd4 21. Re1 Ke7 22. b3 Rd8 23. Qh5 Qc6 24. Qh3 Nc5 25. f3 d3 26. Qxh6 Ne4 27. Rxe4 Qc5+ 28. Kf1 d2 29. Qxg5+ Ke8 30. Qg8+ 1/2-1/2

[Event "WC-2020-S-00002"]
[Site "LSS email"]
[Date "2020.04.01"]
[Round "?"]
[White "Lotz, Bernhard"]
[Black "Lehnhoff, Heinz Georg"]
[Result "1/2-1/2"]
[WhiteElo "2448"]
[BlackElo "2342"]
[PlyCount "78"]
[EventDate "2020.04.01"]
[EventType "tourn (corr)"]
[EventRounds "12"]
[EventCountry "GER"]
[SourceTitle "Corr 2022"]
[Source "ChessBase"]
[SourceDate "2021.10.24"]
[SourceVersion "1"]
[SourceVersionDate "2021.10.24"]
[SourceQuality "1"]

1. e4 c5 2. Nf3 d6 3. d4 cxd4 4. Nxd4 Nf6 5. Nc3 a6 6. Be3 e5 7. Nb3 Be6 8. f3 Be7 9. Qd2 h5 10. Be2 Nbd7 11. Nd5 Bxd5 12. exd5 0-0 13. 0-0 Re8 14. Kh1 Rc8 15. c4 b6 16. Bd3 g6 17. Rae1 Qc7 18. Be2 Qb7 19. Qb4 Qa8 20. Rd1 h4 21. Nd2 Nh5 22. Rfe1 a5 23. Qb3 Nc5 24. Qc2 f5 25. Nb1 Rc7 26. Nc3 Qd8 27. Nb5 Rd7 28. Qd2 Bf6 29. b3 Rde7 30. Rb1 e4 31. f4 Ng3+ 32. Kg1 Rh7 33. Bf1 Qe7 34. Qf2 Rf8 35. hxg3 hxg3 36. Qxg3 Rh6 37. Bd4 Bh4 38. Qh2 Bg5 39. Qg3 Bh4 1/2-1/2

[Event "WC-2018-Q-00005"]
[Site "LSS email"]
[Date "2018.09.16"]
[Round "?"]
[White "Lotz, Bernhard"]
[Black "Salvatore, Carmine"]
[Result "1/2-1/2"]
[WhiteElo "2452"]
[BlackElo "2358"]
[PlyCount "71"]
[EventDate "2018.09.22"]
[EventType "tourn (corr)"]
[EventRounds "12"]
[EventCountry "GER"]
[SourceTitle "Corr 2022"]
[Source "ChessBase"]
[SourceDate "2021.10.24"]
[SourceVersion "1"]
[SourceVersionDate "2021.10.24"]
[SourceQuality "1"]

1. Nf3 c5 2. c4 Nc6 3. d4 cxd4 4. Nxd4 Nf6 5. Nc3 e6 6. g3 Qb6 7. Nf3 Bc5 8. e3 d5 9. a3 Be7 10. b4 0-0 11. Bb2 Rd8 12. Qc2 Bd7 13. cxd5 Nxd5 14. Bd3 Ndxb4 15. axb4 Nxb4 16. Bxh7+ Kh8 17. Qb1 Bb5 18. Nxb5 Qxb5 19. Nd4 Qc4 20. Qe4 Rd7 21. Rc1 Qa6 22. Rd1 Rad8 23. g4 Rd5 24. Rg1 e5 25. Rg3 Nc2+ 26. Qxc2 Bb4+ 27. Rd2 Bxd2+ 28. Kxd2 g6 29. Rh3 Kg7 30. Qc7 Qc6 31. Qxc6 bxc6 32. f4 c5 33. fxe5 cxd4 34. Bxd4 Rxd4+ 35. exd4 Rxd4+ 36. Ke2 1/2-1/2

[Event "ZH-2018-0-01686"]
[Site "LSS email"]
[Date "2018.06.21"]
[Round "?"]
[White "Lotz, Bernhard"]
[Black "Kahl, Fred"]
[Result "1/2-1/2"]
[WhiteElo "2457"]
[BlackElo "2371"]
[PlyCount "85"]
[EventDate "2018.06.12"]
[EventType "match (corr)"]
[EventRounds "2"]
[EventCountry "GER"]
[SourceTitle "Corr 2022"]
[Source "ChessBase"]
[SourceDate "2021.10.24"]
[SourceVersion "1"]
[SourceVersionDate "2021.10.24"]
[SourceQuality "1"]

1. Nf3 Nf6 2. c4 g6 3. d4 Bg7 4. Nc3 0-0 5. e4 d6 6. h3 e5 7. d5 Nh5 8. g3 f5 9. exf5 gxf5 10. Nh4 Qe8 11. Be2 Nf6 12. Qc2 Na6 13. a3 c6 14. dxc6 bxc6 15. Nxf5 Bxf5 16. Qxf5 Nc5 17. 0-0 Nb3 18. Rb1 d5 19. cxd5 cxd5 20. Bg5 Ne4 21. Qg4 Nxg5 22. Qxg5 Nd4 23. Bg4 Rd8 24. Qh5 Qxh5 25. Bxh5 e4 26. Kg2 Rf5 27. Bd1 h5 28. h4 Be5 29. b4 Kg7 30. Rc1 Nf3 31. Na4 Rd6 32. Rc7+ Kg6 33. Rc2 Rf7 34. Rh1 Rf8 35. Nc5 Nd4 36. Ra2 Kh6 37. Ba4 Rf3 38. Re1 Rc3 39. Be8 Nf3 40. Rd1 Bd4 41. Bb5 Bxc5 42. bxc5 Rxc5 43. Be2 1/2-1/2

[Event "ZH-2018-0-01663"]
[Site "LSS email"]
[Date "2018.03.03"]
[Round "?"]
[White "Lotz, Bernhard"]
[Black "Tylecek, Drahomir"]
[Result "1/2-1/2"]
[WhiteElo "2468"]
[BlackElo "2227"]
[PlyCount "77"]
[EventDate "2018.02.09"]
[EventType "match (corr)"]
[EventRounds "2"]
[EventCountry "GER"]
[SourceTitle "Corr 2022"]
[Source "ChessBase"]
[SourceDate "2021.10.24"]
[SourceVersion "1"]
[SourceVersionDate "2021.10.24"]
[SourceQuality "1"]

1. Nf3 Nf6 2. c4 c5 3. Nc3 Nc6 4. e3 g6 5. d4 cxd4 6. exd4 d5 7. cxd5 Nxd5 8. Qb3 Nxc3 9. Bc4 Nd5 10. Bxd5 e6 11. Bxc6+ bxc6 12. 0-0 Be7 13. Re1 f6 14. Bd2 Qd5 15. Qe3 0-0 16. b4 Re8 17. Bc3 Bb7 18. Qxe6+ Qxe6 19. Rxe6 Kf7 20. Re3 Bf8 21. Nd2 Ba6 22. Ne4 Bc4 23. a3 Rad8 24. Rae1 h5 25. h4 Bd5 26. f3 Re6 27. Kf2 Be7 28. Rh1 Bc4 29. Rc1 f5 30. Ng5+ Bxg5 31. hxg5 Rxe3 32. Kxe3 Re8+ 33. Kf4 Bd5 34. a4 a6 35. b5 cxb5 36. axb5 axb5 37. Bb4 Bc4 38. Ra1 Re6 39. Ra8 1/2-1/2

[Event "ZH-2018-0-01658"]
[Site "LSS email"]
[Date "2018.02.05"]
[Round "?"]
[White "Lotz, Bernhard"]
[Black "Nowak, Ireneusz"]
[Result "1/2-1/2"]
[WhiteElo "2470"]
[BlackElo "2158"]
[PlyCount "83"]
[EventDate "2018.01.22"]
[EventType "match (corr)"]
[EventRounds "2"]
[EventCountry "GER"]
[SourceTitle "Corr 2022"]
[Source "ChessBase"]
[SourceDate "2021.10.24"]
[SourceVersion "1"]
[SourceVersionDate "2021.10.24"]
[SourceQuality "1"]

1. Nf3 Nf6 2. c4 e6 3. d4 d5 4. g3 dxc4 5. Bg2 a6 6. 0-0 Nc6 7. e3 Bd7 8. Qe2 b5 9. Rd1 Be7 10. b3 cxb3 11. axb3 0-0 12. Nc3 Qc8 13. e4 h6 14. Bf4 Re8 15. Rac1 Bf8 16. g4 Ba3 17. Rc2 Nh7 18. h4 Rb8 19. Qe3 a5 20. Ra1 Be7 21. Rcc1 Qd8 22. g5 hxg5 23. Nxg5 Nxg5 24. hxg5 Bb4 25. e5 Bxc3 26. Qxc3 Ne7 27. Rxa5 c5 28. Ra7 c4 29. bxc4 Rc8 30. Qh3 bxc4 31. Kh2 Rc7 32. Rxc7 Qxc7 33. Be4 Ng6 34. Kg3 c3 35. Rh1 Kf8 36. Bc1 Ke7 37. Ba3+ Kd8 38. Bd6 Qc4 39. Qg2 Ne7 40. Bc5 c2 41. Bxc2 Bc6 42. Bxe7+ 1/2-1/2

[Event "ZH-2018-0-01658"]
[Site "LSS email"]
[Date "2018.02.05"]
[Round "?"]
[White "Nowak, Ireneusz"]
[Black "Lotz, Bernhard"]
[Result "1/2-1/2"]
[WhiteElo "2158"]
[BlackElo "2470"]
[PlyCount "106"]
[EventDate "2018.01.22"]
[EventType "match (corr)"]
[EventRounds "2"]
[EventCountry "GER"]
[SourceTitle "Corr 2022"]
[Source "ChessBase"]
[SourceDate "2021.10.24"]
[SourceVersion "1"]
[SourceVersionDate "2021.10.24"]
[SourceQuality "1"]

1. e4 c5 2. Nf3 d6 3. d4 cxd4 4. Nxd4 Nf6 5. Nc3 a6 6. Bg5 Nbd7 7. Bc4 e6 8. Qe2 h6 9. Bh4 b5 10. Bb3 Bb7 11. 0-0-0 b4 12. Na4 Qc7 13. f3 Be7 14. Kb1 Rb8 15. Be1 0-0 16. Bxb4 Bxe4 17. Ba3 Bh7 18. Nxe6 fxe6 19. Qxe6+ Kh8 20. Qxe7 Rxb3 21. axb3 Qxc2+ 22. Ka2 Rb8 23. Qe3 Rxb3 24. Qc1 Qxg2 25. Nc3 Bg8 26. Ka1 Nc5 27. Bxc5 dxc5 28. Rhe1 Qxf3 29. Rd6 Rb4 30. Rxa6 Qg2 31. h3 Rh4 32. Nb1 c4 33. Qd2 Qxd2 34. Nxd2 Rxh3 35. Rc1 Nd7 36. Ra8 Kh7 37. Ra7 Ne5 38. Rg1 Ng6 39. Kb1 Be6 40. Rc7 Rh4 41. Kc2 Rf4 42. Re1 Bg8 43. Kc3 Rh4 44. Rg1 Rh3+ 45. Kb4 Rh2 46. Ne4 Rxb2+ 47. Kc5 c3 48. Nf6+ Kh8 49. Rxg6 c2 50. Kd4 Rb4+ 51. Ke5 gxf6+ 52. Rxf6 Rb5+ 53. Kf4 Bh7 1/2-1/2

[Event "WC-2017-Q-00008"]
[Site "LSS email"]
[Date "2017.08.22"]
[Round "?"]
[White "Contreras, Juan A"]
[Black "Lotz, Bernhard"]
[Result "1-0"]
[WhiteElo "2336"]
[BlackElo "2481"]
[PlyCount "55"]
[EventDate "2017.09.01"]
[EventType "tourn (corr)"]
[EventRounds "12"]
[EventCountry "GER"]
[SourceTitle "Corr 2022"]
[Source "ChessBase"]
[SourceDate "2021.10.24"]
[SourceVersion "1"]
[SourceVersionDate "2021.10.24"]
[SourceQuality "1"]

1. d4 Nf6 2. Bf4 c5 3. e3 d5 4. Nf3 Nc6 5. c3 e6 6. Nbd2 Bd6 7. Bg3 0-0 8. Bd3 b6 9. Ne5 Qc7 10. f4 Bb7 11. Qf3 Ne7 12. Bf2 Ne8 13. 0-0 f5 14. Qh3 Nf6 15. Bh4 Rae8 16. Ndf3 Nc6 17. Ng5 Bc8 18. Kh1 h6 19. Ngf3 Bxe5 20. dxe5 Ne4 21. g4 d4 22. g5 hxg5 23. Nxg5 Nxg5 24. Bxg5 Bb7 25. Kg1 Ne7 26. Rfd1 Qc6 27. exd4 Nd5 28. c4 1-0

[Event "WC-2017-Q-00008"]
[Site "LSS email"]
[Date "2017.08.22"]
[Round "?"]
[White "Lotz, Bernhard"]
[Black "Chumanov, Valeriy"]
[Result "1/2-1/2"]
[WhiteElo "2481"]
[BlackElo "2356"]
[PlyCount "43"]
[EventDate "2017.09.01"]
[EventType "tourn (corr)"]
[EventRounds "12"]
[EventCountry "GER"]
[SourceTitle "Corr 2022"]
[Source "ChessBase"]
[SourceDate "2021.10.24"]
[SourceVersion "1"]
[SourceVersionDate "2021.10.24"]
[SourceQuality "1"]

1. Nf3 Nf6 2. c4 e6 3. Nc3 d5 4. d4 Bb4 5. Bg5 h6 6. Bxf6 Qxf6 7. Qa4+ Nc6 8. e3 0-0 9. Be2 Bd7 10. Qb3 dxc4 11. Qxc4 Bd6 12. Ne4 Qg6 13. Nc5 Bc8 14. 0-0 e5 15. Bd3 Qh5 16. Ne4 exd4 17. Nxd6 cxd6 18. Nxd4 Nxd4 19. Qxd4 Qe5 20. Qe4 g6 21. b3 Bf5 22. Qxe5 1/2-1/2

[Event "WC-2017-Q-00008"]
[Site "LSS email"]
[Date "2017.08.22"]
[Round "?"]
[White "Lotz, Bernhard"]
[Black "Rook, Detlef"]
[Result "1/2-1/2"]
[WhiteElo "2481"]
[BlackElo "2406"]
[PlyCount "91"]
[EventDate "2017.09.01"]
[EventType "tourn (corr)"]
[EventRounds "12"]
[EventCountry "GER"]
[SourceTitle "Corr 2022"]
[Source "ChessBase"]
[SourceDate "2021.10.24"]
[SourceVersion "1"]
[SourceVersionDate "2021.10.24"]
[SourceQuality "1"]

1. d4 Nf6 2. c4 e6 3. Nc3 Bb4 4. Nf3 b6 5. e3 Bb7 6. Bd3 0-0 7. 0-0 d5 8. cxd5 exd5 9. Ne5 Nbd7 10. f4 c5 11. Ne2 c4 12. Bf5 g6 13. Bc2 Ne8 14. Bd2 Bxd2 15. Qxd2 f6 16. Nxd7 Qxd7 17. f5 g5 18. h4 h6 19. Rf3 Nd6 20. g4 Rae8 21. Nc3 Kg7 22. Kf2 Rh8 23. Rh3 Bc6 24. Rah1 a5 25. Ne2 Ba4 26. Bb1 Nf7 27. Ng3 Qd6 28. Qc3 Bc6 29. Nh5+ Kf8 30. Re1 Ke7 31. Rhh1 Bb7 32. a4 Bc6 33. Bc2 gxh4 34. Rxh4 Ng5 35. Ra1 Rb8 36. Ke2 Qb4 37. Rhh1 Rbg8 38. Kf2 Rb8 39. Rh2 Be8 40. Nf4 Bf7 41. Rhh1 Ra8 42. Rab1 Rab8 43. Ke2 Kd7 44. Qa3 Kd6 45. Ra1 Rh7 46. b3 1/2-1/2

[Event "WC-2017-Q-00008"]
[Site "LSS email"]
[Date "2017.08.22"]
[Round "?"]
[White "Rook, Detlef"]
[Black "Lotz, Bernhard"]
[Result "1/2-1/2"]
[WhiteElo "2406"]
[BlackElo "2481"]
[PlyCount "75"]
[EventDate "2017.09.01"]
[EventType "tourn (corr)"]
[EventRounds "12"]
[EventCountry "GER"]
[SourceTitle "Corr 2022"]
[Source "ChessBase"]
[SourceDate "2021.10.24"]
[SourceVersion "1"]
[SourceVersionDate "2021.10.24"]
[SourceQuality "1"]

1. e4 c5 2. Nf3 Nc6 3. Nc3 e5 4. Bc4 Be7 5. d3 Nf6 6. Nd2 d6 7. Nf1 Bg4 8. f3 Be6 9. Ne3 a6 10. a4 0-0 11. 0-0 Rb8 12. Bd2 Nh5 13. Ncd5 b5 14. Nxe7+ Qxe7 15. axb5 axb5 16. Bd5 Qd7 17. Ra6 Rfc8 18. Bxe6 fxe6 19. Ng4 Qb7 20. Ra1 Rf8 21. c3 b4 22. Nf2 Rf7 23. Ra2 Nf4 24. Be3 Qb6 25. Qd2 Na5 26. g3 Nh5 27. Qe2 Nc6 28. Rfa1 Nf6 29. Ra6 Qb5 30. f4 Ne8 31. Ra8 h6 32. R8a4 bxc3 33. bxc3 Qb3 34. Nd1 Qb7 35. R4a2 exf4 36. gxf4 Qc8 37. Qg2 Rfb7 38. h3 1/2-1/2

[Event "SM-2017-0-00377"]
[Site "LSS email"]
[Date "2017.06.27"]
[Round "?"]
[White "Lotz, Bernhard"]
[Black "Felicio, Clairton"]
[Result "1/2-1/2"]
[WhiteElo "2494"]
[BlackElo "2371"]
[PlyCount "63"]
[EventDate "2017.04.07"]
[EventType "tourn (corr)"]
[EventRounds "6"]
[EventCountry "GER"]
[SourceTitle "Corr 2022"]
[Source "ChessBase"]
[SourceDate "2021.10.24"]
[SourceVersion "1"]
[SourceVersionDate "2021.10.24"]
[SourceQuality "1"]

1. Nf3 Nf6 2. d4 e6 3. c4 b6 4. a3 Ba6 5. Qc2 Bb7 6. Nc3 c5 7. e4 cxd4 8. Nxd4 Nc6 9. Nxc6 Bxc6 10. Bf4 Bc5 11. Be2 0-0 12. 0-0-0 Ne8 13. Bg3 e5 14. Bd3 Nc7 15. Bxe5 Qg5+ 16. f4 Be3+ 17. Kb1 Bxf4 18. Bxf4 Qxf4 19. Nd5 Qe5 20. Rdf1 Rae8 21. Rf5 Qd6 22. Qd2 Re5 23. Qf4 f6 24. Qg3 Kh8 25. Rhf1 Ne6 26. Rh5 Qb8 27. Rxe5 fxe5 28. Rxf8+ Nxf8 29. Qf2 Qe8 30. c5 Bxd5 31. exd5 e4 32. Qe2 1/2-1/2

[Event "ZH-2017-0-01579"]
[Site "LSS email"]
[Date "2017.06.05"]
[Round "?"]
[White "Lotz, Bernhard"]
[Black "Kahl, Fred"]
[Result "1/2-1/2"]
[WhiteElo "2492"]
[BlackElo "2376"]
[PlyCount "71"]
[EventDate "2017.05.12"]
[EventType "match (corr)"]
[EventRounds "2"]
[EventCountry "GER"]
[SourceTitle "Corr 2022"]
[Source "ChessBase"]
[SourceDate "2021.10.24"]
[SourceVersion "1"]
[SourceVersionDate "2021.10.24"]
[SourceQuality "1"]

1. Nf3 f5 2. g3 Nf6 3. Bg2 g6 4. d4 Bg7 5. c4 0-0 6. 0-0 d6 7. Nc3 c6 8. Rb1 a5 9. Qb3 Kh8 10. Be3 Na6 11. Rfd1 Ng4 12. Bg5 h6 13. Bd2 g5 14. Rbc1 Be6 15. h3 Nf6 16. Qxb7 Nb4 17. d5 Rb8 18. Qa7 Bd7 19. a3 c5 20. axb4 Ra8 21. Qxa8 Qxa8 22. bxc5 dxc5 23. Ne5 Qe8 24. Ra1 a4 25. Ra3 f4 26. gxf4 gxf4 27. Bxf4 Bf5 28. Nxa4 Ne4 29. Rda1 Nxf2 30. Rf1 Bxh3 31. Rxf2 Rxf4 32. Rxf4 Bxe5 33. Rxh3 Bxf4 34. Nxc5 Qc8 35. b4 Qg4 36. Ne6 1/2-1/2

[Event "ZH-2017-0-01575"]
[Site "LSS email"]
[Date "2017.05.13"]
[Round "?"]
[White "Lotz, Bernhard"]
[Black "Teverovski, Bogoljub"]
[Result "1-0"]
[WhiteElo "2494"]
[BlackElo "2202"]
[PlyCount "109"]
[EventDate "2017.05.09"]
[EventType "match (corr)"]
[EventRounds "2"]
[EventCountry "GER"]
[SourceTitle "Corr 2022"]
[Source "ChessBase"]
[SourceDate "2021.10.24"]
[SourceVersion "1"]
[SourceVersionDate "2021.10.24"]
[SourceQuality "1"]

1. Nf3 d5 2. d4 c5 3. c4 cxd4 4. cxd5 Qa5+ 5. Qd2 Qxd5 6. Nc3 Qa5 7. Nxd4 e5 8. Nb3 Qb4 9. g3 Nc6 10. Bg2 Nf6 11. Qg5 Qd6 12. 0-0 h6 13. Qd2 Qb8 14. Nd5 Nxd5 15. Qxd5 Be7 16. Na5 Nd4 17. e3 Ne2+ 18. Kh1 0-0 19. Nxb7 Qc7 20. Nd8 Rb8 21. Nc6 Bb7 22. Qxe5 Qxe5 23. Nxe5 Rfc8 24. b3 Rc2 25. Bxb7 Rxb7 26. Nc4 Nxc1 27. Raxc1 Rxa2 28. Rc3 Bb4 29. Rd3 a5 30. Kg2 Rc7 31. Rd4 Rc2 32. Rfd1 Kh7 33. Rf4 g5 34. Re4 Kg7 35. h4 f5 36. Re6 a4 37. Nd6 Bxd6 38. Rdxd6 axb3 39. Rb6 gxh4 40. gxh4 b2 41. Rg6+ Kf8 42. Rxh6 Rg7+ 43. Kf3 Rd7 44. Rh8+ Kg7 45. Ra8 Kf7 46. h5 Kg7 47. h6+ Kh7 48. Rf8 Rdc7 49. Rxf5 Rd7 50. Kg3 Rc6 51. Rfb5 Rc8 52. Rb7 Rxb7 53. Rxb7+ Kxh6 54. Rxb2 Re8 55. Rb4 1-0

[Event "ZH-2017-0-01557"]
[Site "LSS email"]
[Date "2017.03.20"]
[Round "?"]
[White "Lotz, Bernhard"]
[Black "Pascual Perez, Norge"]
[Result "1/2-1/2"]
[WhiteElo "2495"]
[BlackElo "2421"]
[PlyCount "65"]
[EventDate "2017.03.13"]
[EventType "match (corr)"]
[EventRounds "2"]
[EventCountry "GER"]
[SourceTitle "Corr 2022"]
[Source "ChessBase"]
[SourceDate "2021.10.24"]
[SourceVersion "1"]
[SourceVersionDate "2021.10.24"]
[SourceQuality "1"]

1. Nf3 c5 2. e4 e6 3. d4 cxd4 4. Nxd4 Nf6 5. Nc3 d6 6. f4 a6 7. Qf3 Qb6 8. a3 Nc6 9. Nb3 Qc7 10. g4 b5 11. g5 Nd7 12. Be3 Be7 13. Qf2 Rb8 14. 0-0-0 Qb7 15. Na2 Nb6 16. Bd2 Nc4 17. Bc3 0-0 18. Rg1 Bd8 19. Rg3 Bb6 20. Qf3 e5 21. f5 g6 22. Bd3 a5 23. Rh3 Be3+ 24. Kb1 Bxg5 25. Qe2 Bd7 26. Bxc4 bxc4 27. Qxc4 a4 28. Nd2 Nd4 29. Bxd4 Bxd2 30. Rxd2 Qxe4 31. Nc3 Qb7 32. Nd5 Bxf5 33. Rxh7 1/2-1/2

[Event "ZH-2017-0-01545"]
[Site "LSS email"]
[Date "2017.02.12"]
[Round "?"]
[White "Pascual Perez, Norge"]
[Black "Lotz, Bernhard"]
[Result "1/2-1/2"]
[WhiteElo "2417"]
[BlackElo "2498"]
[PlyCount "71"]
[EventDate "2017.01.25"]
[EventType "match (corr)"]
[EventRounds "2"]
[EventCountry "GER"]
[SourceTitle "Corr 2022"]
[Source "ChessBase"]
[SourceDate "2021.10.24"]
[SourceVersion "1"]
[SourceVersionDate "2021.10.24"]
[SourceQuality "1"]

1. e4 e5 2. Nf3 Nc6 3. Bb5 a6 4. Ba4 Nf6 5. 0-0 Be7 6. Re1 b5 7. Bb3 0-0 8. c3 d6 9. h3 Bb7 10. d4 Re8 11. Nbd2 Bf8 12. a3 g6 13. Ba2 Bg7 14. b4 Qd7 15. Bb2 a5 16. d5 Nd8 17. Nb3 axb4 18. cxb4 Bh6 19. Qe2 c6 20. dxc6 Bxc6 21. Rad1 Qe6 22. Qd3 Bf8 23. Ra1 Qe7 24. Na5 Bd7 25. Rac1 Ra6 26. Rc3 Ne6 27. Bc1 Rb8 28. Ng5 Nd8 29. f4 Bg7 30. Nf3 Be6 31. Bxe6 Qxe6 32. fxe5 Nd7 33. Rc7 Nxe5 34. Nxe5 Qxe5 35. Rd1 Raa8 36. Nc6 1/2-1/2

[Event "ZH-2017-0-01541"]
[Site "LSS email"]
[Date "2017.01.26"]
[Round "?"]
[White "Susla, Vitaliy"]
[Black "Lotz, Bernhard"]
[Result "1/2-1/2"]
[WhiteElo "2347"]
[BlackElo "2498"]
[PlyCount "54"]
[EventDate "2017.01.17"]
[EventType "match (corr)"]
[EventRounds "2"]
[EventCountry "GER"]
[SourceTitle "Corr 2022"]
[Source "ChessBase"]
[SourceDate "2021.10.24"]
[SourceVersion "1"]
[SourceVersionDate "2021.10.24"]
[SourceQuality "1"]

1. d4 Nf6 2. c4 e6 3. Nf3 b6 4. a3 Bb7 5. Nc3 d5 6. cxd5 Nxd5 7. Qc2 Be7 8. e4 Nxc3 9. bxc3 0-0 10. Bd3 c5 11. 0-0 Qc7 12. Qe2 Nd7 13. e5 Rac8 14. Be3 Rfd8 15. Ng5 Nf8 16. Qh5 Bxg5 17. Qxg5 Ng6 18. Bxg6 hxg6 19. Rfc1 Ba6 20. Qh4 Qc6 21. dxc5 bxc5 22. c4 Rd3 23. h3 Rcd8 24. Qe7 Rc8 25. Rab1 Rd7 26. Qh4 Rd3 27. Qe7 Rd7 1/2-1/2

[Event "ST-2016-0-00126"]
[Site "LSS email"]
[Date "2016.01.09"]
[Round "?"]
[White "Monacell, James"]
[Black "Lotz, Bernhard"]
[Result "1-0"]
[WhiteElo "2457"]
[BlackElo "2532"]
[PlyCount "99"]
[EventDate "2014.12.16"]
[EventType "tourn (corr)"]
[EventRounds "6"]
[EventCountry "GER"]
[SourceTitle "Corr 2022"]
[Source "ChessBase"]
[SourceDate "2021.10.24"]
[SourceVersion "1"]
[SourceVersionDate "2021.10.24"]
[SourceQuality "1"]

1. d4 Nf6 2. c4 e6 3. Nc3 Bb4 4. e3 0-0 5. Bd3 c5 6. Nf3 b6 7. 0-0 Bb7 8. Na4 Qe7 9. a3 Ba5 10. Qc2 Bxf3 11. gxf3 Nc6 12. f4 Rac8 13. Qe2 a6 14. Rb1 cxd4 15. b4 b5 16. cxb5 axb5 17. Bxb5 Bc7 18. Rd1 Rb8 19. Bd3 Ra8 20. Bc2 Nd5 21. Bb2 Qh4 22. Qf3 Rfc8 23. Bb3 Nde7 24. Rdc1 d5 25. Qg2 Qh6 26. Kh1 Rcb8 27. f5 exf5 28. exd4 Bf4 29. Rc3 Qd6 30. Nc5 g6 31. Rd1 Bh6 32. Qg3 Bf4 33. Qh3 Bg5 34. Qd3 Bh6 35. Rc2 Bf4 36. Qf3 Bh6 37. Nd3 Na5 38. Ba2 Nc4 39. Bxc4 dxc4 40. Rxc4 Rd8 41. b5 Nd5 42. Nb4 Nxb4 43. Rxb4 Bg7 44. b6 Rab8 45. b7 Re8 46. d5 Re4 47. Rb3 Bxb2 48. Rxb2 Qd7 49. Qb3 f4 50. f3 1-0

[Event "WC-2015-Q-00014"]
[Site "LSS email"]
[Date "2015.09.08"]
[Round "?"]
[White "Astroukh, Vitalij"]
[Black "Lotz, Bernhard"]
[Result "1/2-1/2"]
[WhiteElo "2333"]
[BlackElo "2520"]
[PlyCount "65"]
[EventDate "2015.09.15"]
[EventType "tourn (corr)"]
[EventRounds "12"]
[EventCountry "GER"]
[SourceTitle "Corr 2022"]
[Source "ChessBase"]
[SourceDate "2021.10.24"]
[SourceVersion "1"]
[SourceVersionDate "2021.10.24"]
[SourceQuality "1"]

1. e4 e5 2. Nf3 Nc6 3. Bb5 a6 4. Ba4 Nf6 5. 0-0 Be7 6. Re1 b5 7. Bb3 d6 8. c3 0-0 9. h3 Bb7 10. d4 Nd7 11. Nbd2 exd4 12. cxd4 Bf6 13. Nf1 Na5 14. Bc2 Re8 15. Qd3 Nf8 16. Ng3 g6 17. Rb1 c5 18. d5 Nc4 19. Qd1 Ne5 20. Nh2 Nfd7 21. b3 Nb6 22. Rf1 a5 23. f4 Ned7 24. Ng4 Bg7 25. Bd3 h5 26. Ne3 Bd4 27. Bxb5 Nxd5 28. exd5 Bxe3+ 29. Kh1 Bxc1 30. Rxc1 Re3 31. Rf3 Rxf3 32. Qxf3 f5 33. Ne2 1/2-1/2

[Event "WC-2015-Q-00014"]
[Site "LSS email"]
[Date "2015.09.08"]
[Round "?"]
[White "Gus'Kov, Viktor Vladimirovit"]
[Black "Lotz, Bernhard"]
[Result "1/2-1/2"]
[WhiteElo "2317"]
[BlackElo "2520"]
[PlyCount "70"]
[EventDate "2015.09.15"]
[EventType "tourn (corr)"]
[EventRounds "12"]
[EventCountry "GER"]
[SourceTitle "Corr 2022"]
[Source "ChessBase"]
[SourceDate "2021.10.24"]
[SourceVersion "1"]
[SourceVersionDate "2021.10.24"]
[SourceQuality "1"]

1. e4 c5 2. Nf3 Nc6 3. Bb5 d6 4. 0-0 Bd7 5. Re1 Nf6 6. c3 a6 7. Bf1 Bg4 8. h3 Bxf3 9. Qxf3 e6 10. d3 Be7 11. Nd2 0-0 12. Qe2 d5 13. g3 Rc8 14. e5 Nd7 15. f4 b5 16. Nf3 a5 17. a4 b4 18. c4 Nd4 19. Nxd4 cxd4 20. cxd5 exd5 21. f5 b3 22. Qf3 Rc2 23. Re2 Bb4 24. Bf4 Qc8 25. e6 fxe6 26. fxe6 Nf6 27. Rxc2 Qxc2 28. Qe2 Re8 29. Rc1 Qxe2 30. Bxe2 Rxe6 31. Rc8+ Kf7 32. Rc7+ Kg6 33. Kf2 h6 34. Rb7 Re8 35. Rb5 Kf5 1/2-1/2

[Event "WC-2015-Q-00014"]
[Site "LSS email"]
[Date "2015.09.08"]
[Round "?"]
[White "Rombaldoni, Denis"]
[Black "Lotz, Bernhard"]
[Result "1/2-1/2"]
[WhiteElo "2207"]
[BlackElo "2520"]
[PlyCount "53"]
[EventDate "2015.09.15"]
[EventType "tourn (corr)"]
[EventRounds "12"]
[EventCountry "GER"]
[SourceTitle "Corr 2022"]
[Source "ChessBase"]
[SourceDate "2021.10.24"]
[SourceVersion "1"]
[SourceVersionDate "2021.10.24"]
[SourceQuality "1"]

1. d4 Nf6 2. c4 e6 3. Nc3 Bb4 4. e3 0-0 5. Bd3 c5 6. Nf3 d5 7. 0-0 dxc4 8. Bxc4 b6 9. Qe2 cxd4 10. exd4 Bb7 11. Bg5 Nbd7 12. Rac1 h6 13. Bh4 Be7 14. Rfd1 a6 15. Ne5 b5 16. Bb3 Qe8 17. a3 Rc8 18. f3 Bd8 19. Qe1 Nb6 20. Nd3 Nbd7 21. a4 Bb6 22. Bf2 bxa4 23. Nxa4 Bd5 24. Rxc8 Qxc8 25. Nxb6 Nxb6 26. Rc1 Qd8 27. Bd1 1/2-1/2